<?xml version="1.0" encoding="UTF-8"?>
<record
    xmlns:xsi="http://www.w3.org/2001/XMLSchema-instance"
    xsi:schemaLocation="http://www.loc.gov/MARC21/slim http://www.loc.gov/standards/marcxml/schema/MARC21slim.xsd"
    xmlns="http://www.loc.gov/MARC21/slim">

  <leader>01632nam a2200289Ia 4500</leader>
  <controlfield tag="008">120626s1997    mx            000 0 spa d</controlfield>
  <datafield tag="020" ind1=" " ind2=" ">
    <subfield code="a">8489660050</subfield>
  </datafield>
  <datafield tag="050" ind1=" " ind2=" ">
    <subfield code="a">QP355.2 </subfield>
    <subfield code="b">E7718 1997</subfield>
  </datafield>
  <datafield tag="100" ind1=" " ind2=" ">
    <subfield code="a">Kandel, Eric R.</subfield>
    <subfield code="d">autor</subfield>
    <subfield code="9">41054</subfield>
  </datafield>
  <datafield tag="240" ind1="1" ind2="0">
    <subfield code="a">Essentials of neural science and behavior Appleton &amp; Language. </subfield>
    <subfield code="l">Espa&#xF1;ol </subfield>
  </datafield>
  <datafield tag="245" ind1=" " ind2=" ">
    <subfield code="a">Neurociencia y conducta</subfield>
    <subfield code="c"> / Eric R. Kandel,  James H. Schwartz, Thomas M. Jessell ; tr. Pilar Herreros de Tejada Macua ... [y otros.] </subfield>
  </datafield>
  <datafield tag="260" ind1=" " ind2=" ">
    <subfield code="a">Espa&#xF1;a</subfield>
    <subfield code="b">: Prentice Hall</subfield>
    <subfield code="c">1997</subfield>
  </datafield>
  <datafield tag="300" ind1=" " ind2=" ">
    <subfield code="a">811 p&#xE1;ginas </subfield>
    <subfield code="b">: ilustraciones </subfield>
  </datafield>
  <datafield tag="336" ind1=" " ind2=" ">
    <subfield code="a">texto</subfield>
  </datafield>
  <datafield tag="337" ind1=" " ind2=" ">
    <subfield code="a">sin medio</subfield>
  </datafield>
  <datafield tag="338" ind1=" " ind2=" ">
    <subfield code="a">volumen</subfield>
  </datafield>
  <datafield tag="500" ind1=" " ind2=" ">
    <subfield code="a">Traduccion de: Essentials of neural science and behavior Appleton &amp; Language </subfield>
  </datafield>
  <datafield tag="505" ind1=" " ind2=" ">
    <subfield code="a">Contenido: 
Cuadros sin&#xF3;pticos --- Prologo --- secci&#xF3;n 1. Panor&#xE1;mica general --- secci&#xF3;n 2. Biolog&#xED;a celular, anatom&#xED;a y desarrollo del sistema nervioso --- secci&#xF3;n 3.Comunicaci&#xF3;n intraneuronal --- secci&#xF3;n 4. Comunicaci&#xF3;n entre las c&#xE9;lulas nerviosas --- secci&#xF3;n 5. Neurociencia cognitiva --- secci&#xF3;n 6. Percepci&#xF3;n --- secci&#xF3;n 7. Acci&#xF3;n --- secci&#xF3;n 8. Genes, emociones e instintos --- secci&#xF3;n 9. Lenguaje, aprendizaje y memoria --- Glosario -- &#xCD;ndice --- s&#xED;mbolos --- Unidades de medida. </subfield>
  </datafield>
  <datafield tag="519" ind1=" " ind2=" ">
    <subfield code="a">Material complementario /</subfield>
    <subfield code="b">Psicolog&#xED;a /</subfield>
    <subfield code="d">(11 011289)</subfield>
  </datafield>
  <datafield tag="650" ind1=" " ind2=" ">
    <subfield code="a">NEUROFISIOLOG&#xCD;A</subfield>
    <subfield code="9">1224</subfield>
  </datafield>
  <datafield tag="650" ind1=" " ind2=" ">
    <subfield code="a">NEUROCIENCIAS</subfield>
    <subfield code="9">3946</subfield>
  </datafield>
  <datafield tag="650" ind1=" " ind2=" ">
    <subfield code="a">CONDUCTA (PSICOLOG&#xCD;A)</subfield>
    <subfield code="9">8059</subfield>
  </datafield>
  <datafield tag="700" ind1=" " ind2=" ">
    <subfield code="a">James H. Schwartz</subfield>
    <subfield code="e">autor</subfield>
    <subfield code="9">48160</subfield>
  </datafield>
  <datafield tag="700" ind1=" " ind2=" ">
    <subfield code="a">Thomas M. Jessell </subfield>
    <subfield code="e">autor</subfield>
    <subfield code="9">48161</subfield>
  </datafield>
  <datafield tag="700" ind1=" " ind2=" ">
    <subfield code="a">Pilar Herreros de Tejada Macua ... [y otros.] </subfield>
    <subfield code="e">traductor</subfield>
    <subfield code="9">48162</subfield>
  </datafield>
  <datafield tag="942" ind1=" " ind2=" ">
    <subfield code="c">LB</subfield>
  </datafield>
  <datafield tag="952" ind1=" " ind2=" ">
    <subfield code="0">0</subfield>
    <subfield code="1">0</subfield>
    <subfield code="2">lcc</subfield>
    <subfield code="4">0</subfield>
    <subfield code="7">0</subfield>
    <subfield code="a">11</subfield>
    <subfield code="b">11</subfield>
    <subfield code="d">2007-01-08</subfield>
    <subfield code="l">21</subfield>
    <subfield code="o">QP355.2 E7718 1997</subfield>
    <subfield code="p">11 003655</subfield>
    <subfield code="r">2019-09-18</subfield>
    <subfield code="s">2019-09-18</subfield>
    <subfield code="t">1</subfield>
    <subfield code="w">2012-06-26</subfield>
    <subfield code="y">LB</subfield>
  </datafield>
  <datafield tag="952" ind1=" " ind2=" ">
    <subfield code="0">0</subfield>
    <subfield code="1">0</subfield>
    <subfield code="2">lcc</subfield>
    <subfield code="4">0</subfield>
    <subfield code="7">0</subfield>
    <subfield code="a">11</subfield>
    <subfield code="b">11</subfield>
    <subfield code="d">2014-10-31</subfield>
    <subfield code="l">13</subfield>
    <subfield code="m">2</subfield>
    <subfield code="o">QP355.2 E7718 1997</subfield>
    <subfield code="p">11 011289</subfield>
    <subfield code="r">2025-11-24</subfield>
    <subfield code="s">2025-11-10</subfield>
    <subfield code="t">2</subfield>
    <subfield code="w">2014-10-31</subfield>
    <subfield code="y">LB</subfield>
  </datafield>
  <datafield tag="999" ind1=" " ind2=" ">
    <subfield code="c">70470</subfield>
    <subfield code="d">70470</subfield>
  </datafield>
</record>
